000 00723nam a22001935i 4500
001 161147
003 ES-MaACL
005 20250718063333.0
008 950206m18681870sp |||| | spa d
040 _aCLM
_bspa
_cCCPB | PA2
100 1 _aOssorio y Bernard, Manuel,
_d1839-1904
_9137729
245 1 0 _aGaleria biográfica de artistas españoles del siglo XIX /
_cpor Manuel Ossorio y Bernard.
260 _aMadrid :
_b[s.n.],
_c1868-1869 (
_fImprenta a cargo de Ramon Moreno)
300 _a2 v.(XI, 381 p.; 291, 22, 26 p.) ;
_c24 cm.
596 1 _aFecha en cub.: 1870.
650 4 _aArtistas-
_zEspaña-
_yS.XIX-
_vBiografías.
_9135630
852 _aES-MaACL
_jB-2158
_z-- Enc. hol.
999 _c161147
_d161147